Cities on Interstate 25 on a Map - Statistics

General Stats
  • This quiz has been taken 3,014 times
  • The average score is 8 of 15
Answers on the Map
Answers color-coded by a green-red scale on the quiz's map according to % correct below.
 
Answer Stats
Pop. City % Correct
732,144 Denver
99%
564,764 Albuquerque
95%
85,642 Santa Fe
91%
493,799 Colorado Springs
90%
65,864 Cheyenne
88%
56,387 Casper
59%
102,731 Las Cruces
55%
171,266 Fort Collins
54%
114,221 Pueblo
52%
81,895 Loveland
22%
111,336 Centennial
21%
146,825 Thornton
21%
63,930 Castle Rock
20%
116,308 Westminster
19%
71,461 Broomfield
14%
No matching quizzes found
Score Distribution
Percent of People with Each Score
Percentile by Number Answered
Your Score History
You have not taken this quiz